Wszystkie gminy w Polsce na literę B - Statystyki

Ogólne statystyki
  • Ten quiz został rozwiązany 47 razy
  • Średni wynik to 87 z 174
Statystyki odpowiedzi
Województwo Gmina % Poprawnych
śląskie Bytom
97%
opolskie | łódzkie Biała
94%
lubelskie Biała Podlaska
94%
mazowieckie Bielsk
94%
podlaskie Białystok
91%
śląskie Bielsko-Biała
91%
małopolskie Brzesko
91%
kujawsko-pomorskie Bydgoszcz
91%
małopolskie Bolesław
88%
dolnośląskie | łódzkie Bolesławiec
88%
świętokrzyskie Busko-Zdrój
88%
pomorskie Bytów
88%
warmińsko-mazurskie Bartoszyce
84%
podlaskie Bielsk Podlaski
84%
małopolskie Bochnia
84%
warmińsko-mazurskie Braniewo
84%
mazowieckie | podkarpackie Białobrzegi
81%
śląskie Będzin
78%
dolnośląskie Bielawa
78%
wielkopolskie | łódzkie Brzeziny
78%
lubelskie | mazowieckie | wielkopolskie Baranów
75%
wielkopolskie Buk
75%
kujawsko-pomorskie | wielkopolskie Brodnica
72%
podkarpackie Brzozów
72%
łódzkie Bełchatów
69%
zachodniopomorskie Białogard
69%
lubelskie Biłgoraj
69%
zachodniopomorskie Bobolice
69%
dolnośląskie Boguszów-Gorce
69%
dolnośląskie Brzeg Dolny
69%
dolnośląskie Bystrzyca Kłodzka
69%
warmińsko-mazurskie Barczewo
66%
zachodniopomorskie Biały Bór
66%
małopolskie Biecz
66%
podkarpackie Boguchwała
66%
dolnośląskie Bolków
66%
mazowieckie Brwinów
66%
lubuskie Babimost
63%
dolnośląskie Bardo
63%
dolnośląskie Bogatynia
63%
mazowieckie Błonie
63%
zachodniopomorskie Barlinek
59%
łódzkie Biała Rawska
59%
zachodniopomorskie Banie
56%
podkarpackie Baranów Sandomierski
56%
warmińsko-mazurskie Biała Piska
56%
warmińsko-mazurskie Biskupiec
56%
warmińsko-mazurskie Bisztynek
56%
małopolskie Bobowa
56%
świętokrzyskie Bodzentyn
56%
zachodniopomorskie Borne Sulinowo
56%
małopolskie Brzeszcze
56%
lubuskie Bytom Odrzański
56%
lubuskie Baborów
53%
podlaskie Białowieża
53%
podkarpackie Bircza
53%
dolnośląskie Borów
53%
podlaskie Brańsk
53%
warmińsko-mazurskie Banie Mazurskie
50%
mazowieckie Baranowo
50%
zachodniopomorskie Barwice
50%
małopolskie Biskupice
50%
kujawsko-pomorskie | śląskie Bobrowniki
50%
małopolskie Borzęcin
50%
małopolskie Bukowno
50%
lubelskie Bychawa
50%
opolskie Byczyna
50%
kujawsko-pomorskie Barcin
47%
lubelskie Bełżyce
47%
kujawsko-pomorskie Białe Błota
47%
mazowieckie Bielany
47%
śląskie Blachownia
47%
podkarpackie Błażowa
47%
mazowieckie Bodzanów
47%
pomorskie Brusy
47%
lubuskie | małopolskie Brzeźnica
47%
podkarpackie Brzostek
47%
wielkopolskie Budzyń
47%
mazowieckie Belsk Duży
44%
zachodniopomorskie Bielice
44%
dolnośląskie Bierutów
44%
zachodniopomorskie Biesiekierz
44%
podlaskie Boćki
44%
podkarpackie Bojanów
44%
śląskie Brenna
44%
zachodniopomorskie Brzeżno
44%
łódzkie Buczek
44%
warmińsko-mazurskie Barciany
41%
małopolskie Biały Dunajec
41%
zachodniopomorskie Bierzwnik
41%
podkarpackie Bojanowo
41%
lubelskie Borki
41%
mazowieckie Borowie
41%
zachodniopomorskie Brojce
41%
łódzkie Brójce
41%
mazowieckie Brok
41%
podkarpackie Bukowsko
41%
małopolskie Babice
38%
podlaskie Bakałarzewo
38%
zachodniopomorskie Będzino
38%
świętokrzyskie Bieliny
38%
mazowieckie Błędów
38%
lubuskie Bledzew
38%
kujawsko-pomorskie Boniewo
38%
wielkopolskie Borek Wielkopolski
38%
podkarpackie Borowa
38%
lubelskie Borzechów
38%
opolskie Branice
38%
lubuskie | świętokrzyskie Brody
38%
mazowieckie Brudzeń Duży
38%
kujawsko-pomorskie Bukowiec
38%
mazowieckie Baboszewo
34%
kujawsko-pomorskie Bądkowo
34%
świętokrzyskie Bałtów
34%
kujawsko-pomorskie Bartniczka
34%
łódzkie Bielawy
34%
kujawsko-pomorskie Bobrowo
34%
śląskie Boronów
34%
pomorskie Borzytuchom
34%
łódzkie Brzeźnio
34%
kujawsko-pomorskie Brzuze
34%
kujawsko-pomorskie Bytoń
34%
świętokrzyskie Baćkowice
31%
lubelskie Batorz
31%
łódzkie Będków
31%
świętokrzyskie Bejsce
31%
lubelskie Bełżec
31%
podkarpackie Besko
31%
łódzkie Białaczów
31%
wielkopolskie Białośliwie
31%
opolskie Bierawa
31%
świętokrzyskie Bliżyn
31%
pomorskie Bobowo
31%
świętokrzyskie Bodzechów
31%
świętokrzyskie Bogoria
31%
łódzkie Brąszewice
31%
wielkopolskie Brudzew
31%
warmińsko-mazurskie Budry
31%
małopolskie Budzów
31%
łódzkie Burzenin
31%
kujawsko-pomorskie Baruchowo
28%
lubelskie Białopole
28%
lubuskie Bogdaniec
28%
śląskie Bojszowy
28%
mazowieckie Bulkowo
28%
lubuskie Bytnica
28%
podlaskie Bargłów Kościelny
25%
lubuskie Bobrowice
25%
mazowieckie Borkowice
25%
kujawsko-pomorskie Brzozie
25%
podkarpackie Brzyska
25%
łódzkie Budziszewice
25%
wielkopolskie Babiak
22%
łódzkie Błaszki
22%
łódzkie Bedlno
19%
wielkopolskie Blizanów
19%
mazowieckie Boguty-Pianki
16%
śląskie Buczkowice
16%
małopolskie Bystra-Sidzina
16%
śląskie Bestwina
9%
mazowieckie Brochów
9%
mazowieckie Brańszczyk
6%
Nie znaleziono quizów pasujących do podanych kryteriów
Rozkład punktacji
Procent ludzi z każdym wynikiem
Percentyl według liczby udzielonych odpowiedzi
Twoja historia wyników
Nie rozwiązałeś tego quizu